Public health engineering (Record no. 101753)

MARC details
000 -LEADER
fixed length control field 00815cam a2200241 4500
008 - FIXED-LENGTH DATA ELEMENTS--GENERAL INFORMATION
fixed length control field 011030n1999 000 0 eng u
020 ## - INTERNATIONAL STANDARD BOOK NUMBER
International Standard Book Number 090095387X
035 ## - SYSTEM CONTROL NUMBER
System control number (Sirsi) u115384
050 ## - LIBRARY OF CONGRESS CALL NUMBER
Classification number 697
110 ## - MAIN ENTRY--CORPORATE NAME
Corporate name or jurisdiction name as entry element Chartered Institution of Building Services Engineers
9 (RLIN) 2360
245 ## - TITLE STATEMENT
Title Public health engineering
260 ## - PUBLICATION, DISTRIBUTION, ETC.
Place of publication, distribution, etc. London
Name of publisher, distributor, etc. CIBSE
Date of publication, distribution, etc. 1999
300 ## - PHYSICAL DESCRIPTION
Extent 1 v. ; various pagings
350 ## - PRICE (NR) (BK AM CF MU VM SE) [OBSOLETE]
Price 92.00
520 ## - SUMMARY, ETC.
Summary, etc. A new CIBSE guide replacing sections B2, B6 and B7 of the 1986 edition of "CIBSE guide B : installation and equipment data" and considering systems both inside and outside buildings.
650 ## - SUBJECT ADDED ENTRY--TOPICAL TERM
Topical term or geographic name entry element Block management
9 (RLIN) 6220
650 ## - SUBJECT ADDED ENTRY--TOPICAL TERM
Topical term or geographic name entry element DRAINAGE
650 ## - SUBJECT ADDED ENTRY--TOPICAL TERM
Topical term or geographic name entry element IRRIGATION
650 ## - SUBJECT ADDED ENTRY--TOPICAL TERM
Topical term or geographic name entry element Utilities
9 (RLIN) 6272
650 ## - SUBJECT ADDED ENTRY--TOPICAL TERM
Topical term or geographic name entry element WASTE MANAGEMENT
690 ## - LOCAL SUBJECT ADDED ENTRY--TOPICAL TERM (OCLC, RLIN)
Topical term or geographic name as entry element Block management
9 (RLIN) 6220
942 ## - ADDED ENTRY ELEMENTS (KOHA)
Suppress in OPAC 0
Holdings
Withdrawn status Lost status Source of classification or shelving scheme Damaged status Not for loan Home library Current library Shelving location Date acquired Cost, normal purchase price Total Checkouts Full call number Barcode Date last seen Date last checked out Copy number Cost, replacement price Price effective from Koha item type
    Dewey Decimal Classification     London London Folio 12/03/2002 78.20 3 F697 CHA 30065445 06/08/2019 23/03/2004 1 78.20 06/08/2019 Book